000 00677nam a2200193Ia 4500
003 GCL
008 140319s9999 xx 000 0 ara d
040 _aGCL /
_cGCL
082 0 4 _a810.9
_bم د
100 1 _aمحمود قاسم
245 1 0 _aالادب العربى المكتوب باللغة الفرنسية /
_cمحمود قاسم
260 _a[S.N] :
_bالهيئة المصرية العامة للكتاب ،
_c1996
300 _a234 ص
490 _aالالف كتاب الثانى
_v0
650 0 4 _aالادب العربى
650 0 4 _aالادباء العرب فى المهجر
650 0 4 _aالادب العربى - تاريخ ونقد
942 _2ddc
_cBK
999 _c30280
_d30280